|
|
|
|
| LEADER |
01327nam a2200241 a 4500 |
| 001 |
0020136 |
| 003 |
BD-DhAAL |
| 008 |
100420r20062008bg d 000 0 eng d |
| 020 |
|
|
|a 9843230108
|
| 040 |
|
|
|a BD-DhAAL
|c BD-DhAAL
|
| 082 |
0 |
0 |
|a 342.4273
|2 22
|
| 100 |
1 |
|
|a Karim, Rezaul.
|9 59023
|
| 245 |
1 |
0 |
|a Constitutional law of UK & USA /
|c Rezaul Karim.
|
| 260 |
|
|
|a Dhaka :
|b City Law Books,
|c 2006 [reprinted 2008].
|
| 300 |
|
|
|a 272 p. ;
|c 22 cm
|
| 526 |
|
|
|a SOL
|x K. Shamsuddin Mahmood
Professor and Dean
School of Law
BRAC University
|
| 541 |
1 |
|
|e 0020136, 0020137
|a Anupam Gyan Bhandar
|
| 650 |
|
0 |
|a Constitutional Law
|z UK
|z USA
|9 59024
|
| 852 |
4 |
|
|a Ayesha Abed Library
|c General Stacks
|
| 942 |
0 |
0 |
|0 1
|2 ddc
|c BK
|
| 999 |
|
|
|c 8206
|d 8206
|
| 952 |
|
|
|0 0
|1 0
|2 ddc
|4 0
|6 342_427300000000000_KAR_2008
|7 0
|9 9384
|a BRACUL
|b BRACUL
|c GEN
|d 2010-04-22
|e Anupam Gyan Bhandar
|g 270.00
|l 12
|m 68
|o 342.4273 KAR
|p 3010020136
|r 2025-11-18
|s 2025-10-27
|t 1
|v 540.00
|w 2010-04-22
|y BK
|x Requisitioned by K. Shamsuddin Mahmood, Professor and Dean, School of Law, BRAC University
|
| 952 |
|
|
|0 0
|1 0
|2 ddc
|4 0
|6 342_427300000000000_KAR_2008
|7 0
|9 9385
|a BRACUL
|b BRACUL
|c GEN
|d 2010-04-22
|e Anupam Gyan Bhandar
|g 270.00
|l 11
|m 55
|o 342.4273 KAR
|p 3010020137
|r 2024-12-21
|s 2024-12-21
|t 2
|v 540.00
|w 2010-04-22
|y BK
|x Requisitioned by K. Shamsuddin Mahmood, Professor and Dean, School of Law, BRAC University
|